000
00275nam a22001217a 4500
008
170608b xxu||||| |||| 00| 0 eng d
041
_a
eng
080
_2
2ND
_a
32
100
_a
17
101
_a
SHP
245
_a
CASES IN PUBLIC POLICY ANALYSSI
_c
GUESS, G.M
942
_2
udc
_c
BK
999
_c
16543
_d
16543